00533nam a2200181Ia 4500008004100000082000800041100003100049245002700080250000600107260002800113300001000141500002400151650001800175700004400193942000700237952009000244999001700334230524s9999 xx 000 0 und d bBAT aSanjay Kumar Batra 942692 0aEnvironmental Science  a1 aNew DelhibTaxmanc2016 a177p: aQuantity Number: 1 aEnvironmental a"Kanchan Batra , Dr. Parul Pant"942693 cBK 00104070aTATCLbTATCLcGENd2023-05-24l0o BATp54045r2023-05-24w2023-05-24yBK c57682d57682